000 00585nam a2200241Ia 4500
001 30286
005 20240114001441.0
007 ta
008 060718s g b000 u 465 u
040 _aCotton College,Assam
041 _a465
082 _a294.14
_bB 299 Sa
100 _aBasu, B.D. .
245 0 _aStudies in the Upanisad /
_cB.D.Basu.
_hTextual Documents
250 _a1st ed. /
260 _aSl :
_bSn ,
_cNd.
300 _a180p. ;
_c24cm.
653 _aUpanisad
653 _aG-Religion
942 _2ddc
_cBK
999 _c30268
_d30268